Judicium hacia una visión transversal del Derecho (Registro nro. 72590)

Detalles MARC
000 -ENCABEZADO
Número de control [NR] 01212nam a2200253Ia 4500
008 - DE LONGITUD FIJA DE DATOS DE ELEMENTOS - INFORMACIÓN GENERAL
Elementos de longitud fija [NR] 130821s2010 ck a gr spa
020 ## - NUMERO INTERNACIONAL NORMALIZADO PARA LIBROS [R]
Número Internacional Normalizado del libro [NR] 9789588682082
040 ## - FUENTE DE CATALOGACION [NR]
Agencia de catalogación original [NR] Co-BoUCM
Idioma de catalogación [NR] spa
041 00 - CODIGO DE IDIOMA [R]
Código de idioma para texto/pista de sonido o título separado [R] Español
100 ## - ASIENTO PRINCIPAL--NOMBRE PERSONAL [NR]
Nombre personal [NR] Universidad Surcolombiana.
Numeración [NR] Facultad de Derecho
ID Autoridad 168262
245 10 - MENCION DE TITULO [NR]
Título [NR] Judicium hacia una visión transversal del Derecho
Mención de responsabilidad, etc. [NR] Universidad Surcolombiana ;Grupo de investigación Cynergia; Ricardo Moncaleano Perdomo, Diego Omar Pérez Salas,Docentes investigadores ;Breydi Fernando Castro Campos, Investigador; Diana Marcela Ortíz Tovar, directora
260 ## - PUBLICACION, DISTRIBUCION, ETC. (PIE DE IMPRENTA) [R]
Lugar de publicación, distribución, etc. [R] Neiva (Huila, Colombia)
Nombre del editor, distribuidor, etc. [R] Universidad Surcolombiana
Fecha de publicación, distribución, etc. [R] 2010
300 ## - DESCRIPCION FISICA [R]
Extensión [R] 506 páginas
Otros detalles físicos [NR] tablas
650 04 - ASIENTO SECUNDARIO DE MATERIA - TERMINO TEMATICO [R]
Término temático o nombre geográfico como elemento de entrada [NR] Accidentes de tránsito
Subdivisión general [R] Legislación
Subdivisión geográfica [R] Colombia
9 (RLIN) 8313
650 04 - ASIENTO SECUNDARIO DE MATERIA - TERMINO TEMATICO [R]
Término temático o nombre geográfico como elemento de entrada [NR] Adopción (Derecho)
Subdivisión general [R] Legislación
Subdivisión geográfica [R] Colombia
9 (RLIN) 168263
650 04 - ASIENTO SECUNDARIO DE MATERIA - TERMINO TEMATICO [R]
Término temático o nombre geográfico como elemento de entrada [NR] Derecho fiscal
Subdivisión general [R] Legislación
Subdivisión geográfica [R] Colombia
9 (RLIN) 38442
650 04 - ASIENTO SECUNDARIO DE MATERIA - TERMINO TEMATICO [R]
Término temático o nombre geográfico como elemento de entrada [NR] Derecho y sociedad
9 (RLIN) 12849
700 1# - ASIENTO SECUNDARIO - NOMBRE PERSONAL [R]
Nombre personal [NR] Castro Campos, Breydi Fernando
9 (RLIN) 168264
700 1# - ASIENTO SECUNDARIO - NOMBRE PERSONAL [R]
Nombre personal [NR] Moncaleano Perdomo, Ricardo
9 (RLIN) 168265
700 1# - ASIENTO SECUNDARIO - NOMBRE PERSONAL [R]
Nombre personal [NR] Ortíz Tovar, Diana Marcela
Término de relación [R]
9 (RLIN) 168266
700 1# - ASIENTO SECUNDARIO - NOMBRE PERSONAL [R]
Nombre personal [NR] Pérez Salas, Diego Omar
9 (RLIN) 168267
942 ## - ELEMENTOS DE ENTRADA AGREGADOS (KOHA)
Tipo de ítem principal el descrito en 300a Libro
Tema principal Derecho
Edición 1
Parte restante de la signatura top. J928
Sistema de clasificación DEWEY
Clasificación 340.02
Existencias
Fecha de último préstamo Total préstamos Signatura topográfica Código de barras Última vez visto Ejemplar Price effective from Tipo de ítem Perdido Sistema de clasificación Dañado No prestable Tipo de ítem específico Suprimido Ubicación habitual Ubicación actual Localización Fecha de creación Forma de adquisición Costo
18/07/2011   340.02 J928 100115109 03/12/2025 Ej.1 03/02/2013 Libro   DEWEY     Libro   Claustro Claustro 3er piso 30/09/2011 Donación 26000.00